5HLuxD.jpg

KING HENRY VIII SENIOR AND PRIMARY SCHOOL LIBRARY OPAC

Swept away : (Record no. 1324)

000 -LEADER
fixed length control field 01625cam a2200421 i 4500
001 - CONTROL NUMBER
control field 19270857
003 - CONTROL NUMBER IDENTIFIER
control field OSt
005 - DATE AND TIME OF LATEST TRANSACTION
control field 20221228123858.0
008 - FIXED-LENGTH DATA ELEMENTS--GENERAL INFORMATION
fixed length control field 160912s2017 mnuab j b 001 0 eng c
010 ## - LIBRARY OF CONGRESS CONTROL NUMBER
LC control number 2016038584
020 ## - INTERNATIONAL STANDARD BOOK NUMBER
International Standard Book Number 9781515736059 (library binding)
020 ## - INTERNATIONAL STANDARD BOOK NUMBER
International Standard Book Number 9781515736097 (pbk.)
040 ## - CATALOGING SOURCE
Original cataloging agency NJQ/DLC
Language of cataloging eng
Transcribing agency NJQ
Description conventions rda
-- KH8
Modifying agency DLC
042 ## - AUTHENTICATION CODE
Authentication code pcc
043 ## - GEOGRAPHIC AREA CODE
Geographic area code a-ja---
082 04 - DEWEY DECIMAL CLASSIFICATION NUMBER
Classification number 363.34 RIS
Edition number 23
100 1# - MAIN ENTRY--PERSONAL NAME
Personal name Rissman, Rebecca,
Relator term author.
245 10 - TITLE STATEMENT
Title Swept away :
Remainder of title the story of the 2011 Japanese tsunami /
Statement of responsibility, etc. by Rebecca Rissman ; consultant, Michael Wert, PhD, Associate Professor of History, Marquette University, Milwaukee.
264 #1 - PRODUCTION, PUBLICATION, DISTRIBUTION, MANUFACTURE, AND COPYRIGHT NOTICE
Place of production, publication, distribution, manufacture North Mankato, Minnesota :
Name of producer, publisher, distributor, manufacturer Capstone Press, a Capstone imprint,
Date of production, publication, distribution, manufacture, or copyright notice [2017]
300 ## - PHYSICAL DESCRIPTION
Extent 112 pages :
Other physical details color illustrations, color map ;
Dimensions 20 cm.
336 ## - CONTENT TYPE
Content type term text
Source rdacontent
337 ## - MEDIA TYPE
Media type term unmediated
Source rdamedia
338 ## - CARRIER TYPE
Carrier type term volume
Source rdacarrier
490 1# - SERIES STATEMENT
Series statement Tangled history
504 ## - BIBLIOGRAPHY, ETC. NOTE
Bibliography, etc. note Includes bibliographical references and index.
521 1# - TARGET AUDIENCE NOTE
Target audience note Ages 9-14.
521 2# - TARGET AUDIENCE NOTE
Target audience note Grades 4 to 6.
650 #0 - SUBJECT ADDED ENTRY--TOPICAL TERM
Topical term or geographic name entry element Tohoku Earthquake and Tsunami, Japan, 2011
Form subdivision Juvenile literature.
650 #0 - SUBJECT ADDED ENTRY--TOPICAL TERM
Topical term or geographic name entry element Tsunamis
Geographic subdivision Japan
Form subdivision Juvenile literature.
650 #0 - SUBJECT ADDED ENTRY--TOPICAL TERM
Topical term or geographic name entry element Fukushima Nuclear Disaster, Japan, 2011
Form subdivision Juvenile literature.
650 #0 - SUBJECT ADDED ENTRY--TOPICAL TERM
Topical term or geographic name entry element Natural disasters
Geographic subdivision Japan
Form subdivision Juvenile literature.
651 #0 - SUBJECT ADDED ENTRY--GEOGRAPHIC NAME
Geographic name Japan
General subdivision History
Chronological subdivision 21st century
Form subdivision Juvenile literature.
700 1# - ADDED ENTRY--PERSONAL NAME
Personal name Wert, Michael,
Relator term consultant.
830 #0 - SERIES ADDED ENTRY--UNIFORM TITLE
Uniform title Tangled history.
906 ## - LOCAL DATA ELEMENT F, LDF (RLIN)
a 7
b cbc
c orignew
d 1
e ecip
f 20
g y-gencatlg
942 ## - ADDED ENTRY ELEMENTS (KOHA)
Source of classification or shelving scheme
Koha item type Books - Non Ficton
Holdings
Withdrawn status Lost status Source of classification or shelving scheme Damaged status Not for loan Collection code Permanent Location Current Location Shelving location Date acquired Total Checkouts Full call number Barcode Date last seen Date last checked out Price effective from Koha item type
          Non-Fiction KH8 Primary School Library KH8 Primary School Library Non Fiction 2022-12-28 13 363.34 RIS KHPL000003102 2025-12-05 2025-01-24 2022-12-28 Books - Non Ficton

Powered By KH8 IT Dept